| 000 | 00672nam a2200217 i 4500 | ||
|---|---|---|---|
| 001 | 61915 | ||
| 003 | ES-MaACL | ||
| 005 | 20250815112559.0 | ||
| 007 | t| | ||
| 008 | 031114s1949 sp a |||| | spa d | ||
| 080 | _a577.1(022) | ||
| 100 | 1 |
_aFearon, William Robert. _949037 |
|
| 245 | 1 | 0 |
_aIntroducción a la bioquímica / _cWilliam Robert Fearon. |
| 250 |
_a2ª ed. trad. de la 3ª ed. inglesa _bpor José Manuel Rodríguez Delgado. |
||
| 260 |
_aMadrid : _bEspasa-Calpe, _c1949. |
||
| 300 |
_a627 p. : _bil. ; _c23 cm. |
||
| 650 | 0 | 7 |
_aBioquímica _2embne _9136796 |
| 700 | 1 |
_aDelgado, José M. R. _943412 |
|
| 852 |
_aES-MaACL _jF-5198 |
||
| 999 |
_c61915 _d61915 |
||